000 00552nam a2200217 a 4500
001 BRCA_4307
005 20190320204624.0
008 250610s1959----nyu#######---#000-0#eng-#
041 _aeng
044 _anyu
050 4 _aPZ3
_b.S76 1959
100 1 _aStout, Rex
_910486
245 1 0 _aAnd Four to go
_ba Nero Wolfe foursome
_cRex Stout.
260 _aNueva York
_bBantam
_c1959
300 _a150 p.
_c18 cm.
440 0 _aa Nero Wolfe foursome
_911063
500 _aCEF102
650 1 4 _aNovelas policĂ­acas
_9877
902 _aGFM
942 _2lcc
_cB
999 _c4018
_d4018